Z klenotnice staršieho slovenského písomníctva 1. Stredovek
| Other Authors: | , , , , , |
|---|---|
| Format: | Book |
| Language: | Slovak Czech Slavic languages Latin |
| PhysicalDescription: | 153 s., [12] s. obr. príl. obr., faks. 17 cm |
| Published: |
Bratislava
Slovenský Tatran
1997
|
| ISBN: | 8022204625 |
| Edition: | V tomto výbere 2. vyd. |
| Series: | Knihy do vrecka
|
| Subjects: |
MARC
| LEADER | 00000cam a2200000 a 4500 | ||
|---|---|---|---|
| 001 | vtls001336140 | ||
| 003 | SK-MaSNL | ||
| 005 | 20260301200536.0 | ||
| 008 | 210623s1997 xo ha 00000 slo | ||
| 015 | |a SNBA1998/12-04305 | ||
| 020 | |a 8022204625 |q (viaz.) | ||
| 035 | |a SNK000289122 | ||
| 040 | |a SNK |b slo |c SNK |e AACR2 | ||
| 041 | 0 | |a slo |a cze |h sla |h lat | |
| 044 | |a xo |c SK | ||
| 080 | |a 885.4-1+885.4-3(082) |2 1981 | ||
| 080 | |a 885.4-3(082) |2 1981 | ||
| 245 | 0 | 0 | |a Z klenotnice staršieho slovenského písomníctva |n 1. |p Stredovek |c [zostavil ... Jozef Minárik] ; [zo staroslovienčiny preložili Eugen Pauliny ... [et al.], z latinčiny preložili Jozef Minárik a Peter Ratkoš] |
| 250 | |a V tomto výbere 2. vyd. | ||
| 256 | 3 | 0 | |a Stredovek |
| 260 | |a Bratislava |b Slovenský Tatran |c 1997 | ||
| 300 | |a 153 s., [12] s. obr. príl. |b obr., faks. |c 17 cm | ||
| 490 | 1 | |a Knihy do vrecka |v zv. 1 | |
| 500 | |a Údaj o zost. a prekl. prevzatý z rubu tit. strany | ||
| 546 | |a Text čiast. aj v češ. | ||
| 650 | 0 | 7 | |a slovenská literatúra |2 SNKPH |9 1115 |
| 650 | 0 | 7 | |a stredoveká literatúra |2 SNKPH |9 68789 |
| 655 | 7 | |a literárne antológie |2 SNKPH |9 293888 | |
| 700 | 1 | |a Ratkoš, Peter, |d 1921-1987 |4 trl |9 103209 | |
| 700 | 1 | |a Stanislav, Ján, |d 1904-1977 |4 trl |9 107141 | |
| 700 | 1 | |a Smrek, Ján, |d 1898-1982 |4 trl |9 106970 | |
| 700 | 1 | |a Turčány, Viliam, |d 1928-2021 |4 trl |9 102025 | |
| 700 | 1 | |a Minárik, Jozef, |d 1922-2008 |4 com |4 trl |9 119628 | |
| 700 | 1 | |a Pauliny, Eugen, |d 1912-1983 |4 trl |9 101485 | |
| 830 | 0 | |a Knihy do vrecka |9 347901 | |
| 919 | |a 80-222-0462-5 | ||
| 958 | |a TL | ||
| 958 | |a OP | ||
| 958 | |a NS | ||
| 968 | |a SLO |b SR, LAT | ||
| 999 | |c 890949 |d 892879 | ||
| 952 | |t P60, <09>, [BOOK], {629} |a SNK |b SNK |y NEVYP |7 0 |o snkD 110 |i snk1289/980904 |0 0 |1 0 |4 0 |d 1998-09-03 |l 0 |r 2005-01-02 00:00:00 |w 2026-02-24 | ||
| 952 | |t P60, <03>, [BOOK], {603} |a SNK |b SNK |y PREZ |7 0 |p 17A0158934 |o snkSD 69548/1 |i snkKSP 8242/98 |0 0 |1 0 |4 0 |d 1998-09-03 |l 0 |r 2005-01-02 00:00:00 |w 2026-02-24 | ||
| 952 | |a SNK |b SNK |y VYP |7 0 |p 17A0158933 |o snkSD 69548/1 D1 |i snkKSP 8243/98 |3 kniha je popísaná |0 0 |1 0 |4 0 |d 1998-09-03 |l 0 |r 2005-01-02 00:00:00 |w 2026-02-24 | ||
| 952 | |t snkKLE/1 885.4(082.2) |a SNKUST |b SNKUST |y PREZ |7 0 |p 17A0139327 |o snkKLE/1 885.4(082.2) |i OKIS 60/98 |0 0 |1 0 |4 0 |d 1998-07-03 |l 0 |r 2025-04-28 00:00:00 |w 2026-02-24 | ||


